Brawl Stars: Artillery - Statistics

General Stats
  • This quiz has been taken 16 times
  • The average score is 6 of 7
Answer Stats
Answer % Correct
Tick
100%
Barley
86%
Dynamike
86%
Grom
79%
Sprout
79%
Juju
64%
Larry and Lawrie
57%
No matching quizzes found
Score Distribution
Percent of People with Each Score
Percentile by Number Answered
Your Score History
You have not taken this quiz